[Event "TCh-SWE Elitserien 2004-5"]
[Site "Sweden SWE"]
[Date "2005.02.05"]
[Round "7"]
[White "Lundin,An"]
[Black "Andersson,U"]
[Result "0-1"]
[WhiteElo "2238"]
[BlackElo "2579"]

1.d4 Nf6 2.c4 e6 3.Nf3 Bb4+ 4.Nbd2 b6 5.e3 Bb7 6.Bd3 c5 7.O-O cxd4 8.exd4 O-O
9.b3 d5 10.Bb2 Nbd7 11.Qe2 Rc8 12.a3 Be7 13.Rfe1 Re8 14.Rad1 Qc7 15.Ne5 dxc4
16.bxc4 Nxe5 17.dxe5 Nd7 18.Qh5 g6 19.Qg4 Red8 20.Nf3 Nc5 21.Bc2 Rxd1 22.Rxd1 Rd8
23.Bd4 Rd7 24.h4 Bxf3 25.gxf3 h5 26.Qf4 Qd8 27.Kg2 Bxh4 28.Bxc5 Rxd1 29.Bd6 Ra1
30.Qd4 Qg5+  0-1

[Event "TCh-SWE Elitserien 2004-5"]
[Site "Sweden SWE"]
[Date "2005.02.26"]
[Round "8"]
[White "Andersson,U"]
[Black "Nyback,T"]
[Result "1/2-1/2"]
[WhiteElo "2579"]
[BlackElo "2554"]

1.Nf3 d5 2.d4 Nf6 3.c4 c6 4.cxd5 cxd5 5.Nc3 Nc6 6.Bf4 a6 7.Rc1 e6 8.Ne5 Nxe5
9.Bxe5 Be7 10.e3 O-O 11.Bd3 Bd7 12.O-O b5 13.Qc2 h6 14.Ne2 Qb6 15.Qc7 Qxc7
16.Rxc7 Rfd8 17.Nc1 Ne8 18.Rc2 Nd6 19.Bxd6 Bxd6 20.Nb3 b4 21.Nc5 Bb5 22.Bxb5 axb5
23.Nb7 Rd7 24.Nxd6 Rxd6 25.b3 Rda6 26.Rc5 Rxa2 27.Rxb5 Rb2  1/2-1/2

[Event "TCh-SWE Elitserien 2004-5"]
[Site "Malmo SWE"]
[Date "2005.03.11"]
[Round "9"]
[White "Vernersson,P"]
[Black "Andersson,U"]
[Result "1/2-1/2"]
[WhiteElo "2406"]
[BlackElo "2579"]

1.d4 Nf6 2.c4 e6 3.g3 Bb4+ 4.Bd2 Bxd2+ 5.Qxd2 d5 6.cxd5 exd5 7.Nc3 O-O 8.Bg2 Re8
9.e3 c6 10.Nge2 Qe7 11.O-O Bf5 12.Nf4 Nbd7 13.Rfc1 Nb6 14.Qe2 Ne4 15.Nxe4 Bxe4
16.Bxe4 Qxe4 17.Qc2 Qf3 18.Qd1 Qe4 19.Qc2  1/2-1/2

[Event "TCh-SWE Elitserien 2004-5"]
[Site "Malmo SWE"]
[Date "2005.03.12"]
[Round "10"]
[White "Andersson,U"]
[Black "Hillarp Persson,T"]
[Result "1/2-1/2"]
[WhiteElo "2579"]
[BlackElo "2545"]

1.Nf3 g6 2.d4 Bg7 3.g3 d6 4.Bg2 Nd7 5.O-O e5 6.e4 Ngf6 7.Re1 O-O 8.a4 a5
9.dxe5 dxe5 10.Nbd2 b6 11.b3 Bb7 12.Bb2 Qe7 13.Qe2 Rfd8 14.Rad1 Ba6 15.Nc4 Qe6
16.Bf1 Bf8 17.Bc3 Bc5 18.h3 Qe7 19.Nh2 h5 20.h4 Qe6 21.Qf3 Bb7 22.Bd3 Bb4
23.Bxb4 axb4 24.Ne3 Qe7 25.Nd5 Nxd5 26.exd5 Nf6 27.Bc4 e4 28.Qe2 Qc5 29.Nf1 Bxd5
30.Bxd5 Rxd5 31.Rxd5 Qxd5 32.Ne3 Qc5 33.Rd1 Re8 34.Qc4 Re5 35.Qxc5 Rxc5 36.Rd4 Ng4
37.Nxg4 hxg4 38.Rxe4 Rxc2 39.Rxb4 Rb2 40.Rc4 Rxb3 41.Rxc7 Rb4 42.Ra7  1/2-1/2

[Event "6th EICC"]
[Site "Warsaw POL"]
[Date "2005.06.23"]
[Round "6"]
[White "Andersson,U"]
[Black "Sergeev,Vl"]
[Result "1/2-1/2"]
[WhiteElo "2579"]
[BlackElo "2458"]

1.Nf3 Nf6 2.c4 g6 3.Nc3 Bg7 4.e4 O-O 5.d4 d6 6.Be2 Nbd7 7.O-O e5 8.Re1 c6
9.Bf1 a6 10.Rb1 h6 11.dxe5 dxe5 12.b4 Qe7 13.c5 a5 14.a3 axb4 15.axb4 Rd8
16.Qc2 Nf8 17.h3 Ne6 18.Na4 Nh7 19.Nb6 Rb8 20.Bc4 Nhg5 21.Nxg5 Nxg5 22.Qb3 Bd7
23.Bxg5 hxg5 24.Rbd1 Be8 25.g3 Bf6 26.Qf3 Kg7 27.Qg4 Qc7 28.Kg2 Be7 29.Bb3 Bf6
30.Qe2 Be7 31.Qb2 Kf8 32.Nc4 f6 33.Qc2 Bf7 34.Nb6 Rxd1 35.Rxd1 Rd8 36.Bxf7 Kxf7
37.Qb3+ Kg7 38.Ra1 Rd4 39.Ra8 Bd8 40.Qa3 Qf7 41.Qa7 f5 42.Rb8 Bxb6 43.cxb6 Rd7
44.Qa5 Re7 45.Qc5 fxe4 46.Qe3 Qf5 47.g4 Qf4 48.Rc8 Rf7 49.Re8 Qf6 50.Rc8 Qf4
51.Re8 Qf6 52.Kg1 Kh7 53.Kg2 Kg7 54.Kg1 Kh7 55.Kg2 Kg7  1/2-1/2

[Event "6th EICC"]
[Site "Warsaw POL"]
[Date "2005.06.26"]
[Round "8"]
[White "Andersson,U"]
[Black "Guliev,S"]
[Result "1/2-1/2"]
[WhiteElo "2579"]
[BlackElo "2481"]

1.Nf3 f5 2.d4 Nf6 3.g3 g6 4.Bg2 Bg7 5.O-O O-O 6.c4 d6 7.Nc3 c6 8.d5 Qa5 9.Bd2 Qa6
10.b3 cxd5 11.cxd5 Nbd7 12.Rc1 Nc5 13.Be3 Ng4 14.Bd4 Bh6 15.h3 Nf6 16.e3 Bd7
17.b4 Nce4 18.Nxe4 fxe4 19.Nd2 Qxa2 20.Bxf6 Rxf6 21.Nxe4 Rf7 22.Rc2 Qa3 23.Qa1 Qd3
24.Rd2 Qb5 25.Rc1 Bg7 26.Qa5 b6 27.Qxb5 Bxb5 28.Bf1 Bxf1 29.Kxf1 a5 30.Rc6 a4
31.Rxb6 a3 32.Ra2 Rf5 33.Rb5 Bb2 34.Ke2 Rc8 35.g4 Rff8 36.f4 Rb8 37.Rxb8 Rxb8
38.Nf2 Rxb4 39.Nd3 Rb5 40.e4 Rb3 41.Kd2 Bd4 42.e5 Kf7 43.e6+ Kf6 44.Kc2 Rc3+
45.Kd2 h6 46.Ke2 Rb3 47.Kd2 h5 48.Kc2 Rc3+ 49.Kd2 h4 50.Ke2 Rb3 51.Kd2 Rb5
52.Rxa3 Rxd5 53.Ke2 Rb5 54.Ra4 Bc3 55.Rc4 Rb3 56.Re4 Ra3 57.Rc4 Kxe6 58.Re4+ Kd5
59.Rxe7 Kd4 60.Nf2 d5 61.Re6 Ra2+ 62.Kf3 Bd2 63.f5 Ra3+ 64.Ke2 Be3 65.Nd1 Bh6
66.fxg6 Rxh3 67.g5 Bg7 68.Re7 Rg3 69.Rxg7 Rxg5 70.Nf2 Rg3 71.Nh1 Rg1 72.Nf2 Rg3
73.Rg8 h3  1/2-1/2

[Event "6th EICC"]
[Site "Warsaw POL"]
[Date "2005.06.27"]
[Round "9"]
[White "Czarnota,P"]
[Black "Andersson,U"]
[Result "1/2-1/2"]
[WhiteElo "2478"]
[BlackElo "2579"]

1.e4 e6 2.d4 d5 3.Nd2 c5 4.Ngf3 cxd4 5.exd5 Qxd5 6.Bc4 Qd6 7.O-O Nf6 8.Nb3 Nc6
9.Nbxd4 Nxd4 10.Nxd4 a6 11.Bb3 Bd7 12.Be3 Qc7 13.h3 Bd6 14.Qf3 O-O 15.Bg5 Be5
16.Rad1 h6 17.Bh4 Rfd8 18.c3 Bc6 19.Nxc6 bxc6 20.Rfe1 a5 21.Rxd8+ Rxd8 22.Bxf6 Bxf6
23.Re2 Qb6 24.g3 Qb5 25.Qe4 Rd6 26.Kg2 Qc5 27.h4 h5 28.Re3 Bd8 29.Qc4 Qd5+
30.Qe4 Qxe4+ 31.Rxe4 Bb6 32.Kf1 Kf8 33.Re1 Rd2 34.Re2 Rd8 35.Re1 Ke7 36.Rd1 Rc8
37.Ke2 Bc5 38.Rd2  1/2-1/2

[Event "6th EICC"]
[Site "Warsaw POL"]
[Date "2005.06.28"]
[Round "10"]
[White "Andersson,U"]
[Black "Lopez Martinez,J"]
[Result "1-0"]
[WhiteElo "2579"]
[BlackElo "2488"]

1.Nf3 c5 2.c4 g6 3.d4 Bg7 4.e4 d6 5.d5 e6 6.Bd3 Ne7 7.Nc3 O-O 8.O-O Nd7 9.Rb1 a6
10.Bd2 exd5 11.exd5 b5 12.b3 Nf6 13.h3 b4 14.Ne2 Bf5 15.Qc2 Qd7 16.Ng3 Bxd3
17.Qxd3 Rfe8 18.Nh4 Nc8 19.Rbe1 Nb6 20.Bf4 Rxe1 21.Rxe1 Re8 22.Rxe8+ Nxe8
23.Nf3 Qe7 24.Ne4 Nd7 25.Qe3 Kf8 26.g4 Ndf6 27.Nfd2 Nxe4 28.Nxe4 Bd4 29.Qf3 Kg8
30.Kg2 Kg7 31.h4 h6 32.h5 Be5 33.hxg6 fxg6 34.Qg3 Bxf4 35.Qxf4 Qh4 36.Nxd6 Nxd6
37.Qxd6 Qxg4+ 38.Qg3 Qxg3+ 39.fxg3 Kf6 40.g4 g5 41.Kf3 Kf7 42.Ke4 Kf6 43.d6 Ke6
44.d7 Kxd7 45.Kd5 a5 46.Kxc5 Kc7 47.Kd5 Kd7 48.c5 Kc7 49.c6  1-0

[Event "6th EICC"]
[Site "Warsaw POL"]
[Date "2005.06.29"]
[Round "11"]
[White "Gouliev,N"]
[Black "Andersson,U"]
[Result "1-0"]
[WhiteElo "2526"]
[BlackElo "2579"]

1.e4 e6 2.d4 d5 3.Nc3 Nf6 4.Bg5 dxe4 5.Nxe4 Be7 6.Bxf6 gxf6 7.Nf3 b6 8.Bd3 Bb7
9.Qe2 c6 10.O-O Qc7 11.c4 Nd7 12.Rac1 O-O 13.Qe3 f5 14.Neg5 Rae8 15.d5 Bc5
16.Qd2 a5 17.a3 Qd6 18.dxe6 fxe6 19.Rfd1 h6 20.Rb1 a4 21.Qc1 Qe7 22.Nh3 e5
23.Qxh6 e4 24.Qg6+ Kh8 25.Qh5+ Kg8 26.Nh4 Ne5 27.Bc2 Bc8 28.Ng6 Qg7 29.Nxf8 Rxf8
30.Qg5 Qxg5 31.Nxg5 Ng4 32.Nh3 e3 33.Bxa4 exf2+ 34.Kh1 Bb7 35.Nf4 Ne3 36.Rdc1  1-0

[Event "6th EICC"]
[Site "Warsaw POL"]
[Date "2005.06.30"]
[Round "12"]
[White "Andersson,U"]
[Black "Nalbandian,T"]
[Result "1/2-1/2"]
[WhiteElo "2579"]
[BlackElo "2508"]

1.Nf3 Nf6 2.d4 g6 3.g3 Bg7 4.Bg2 O-O 5.O-O d6 6.Re1 Bf5 7.Nbd2 d5 8.c3 Nc6
9.Nh4 Bd7 10.e4 dxe4 11.Nxe4 Nxe4 12.Rxe4 e5 13.dxe5 Bxe5 14.Bh6 Re8 15.Nf3 Bf5
16.Re1 Qxd1 17.Raxd1 Bd6 18.Ng5 Rxe1+ 19.Rxe1 Bf8 20.Bxf8 Rxf8 21.Bd5 Kg7
22.f3 Rd8 23.Bxc6 bxc6 24.Kf2 Rd2+ 25.Re2 Rxe2+ 26.Kxe2 h6 27.Ne4 Bxe4 28.fxe4 Kf6
29.b4 Ke5 30.Ke3 f5 31.exf5 Kxf5 32.h3 Ke5 33.a4 c5 34.b5 c4 35.Kf3 Kf5 36.Ke3 Ke5
37.Kf3 Kf5 38.Ke3 Ke5  1/2-1/2

[Event "15th ETC"]
[Site "Gothenburg SWE"]
[Date "2005.07.31"]
[Round "2"]
[White "Jones,Ri"]
[Black "Andersson,U"]
[Result "0-1"]
[WhiteElo "2072"]
[BlackElo "2584"]

1.e4 c5 2.Nf3 e6 3.d4 cxd4 4.Nxd4 Nc6 5.Nb5 d6 6.Bf4 e5 7.Be3 a6 8.N5c3 Nf6
9.Bg5 Be7 10.Bxf6 Bxf6 11.Nd2 Be6 12.Nc4 Nd4 13.Bd3 Bg5 14.O-O O-O 15.Re1 b5
16.Ne3 Bxe3 17.fxe3 Nc6 18.Be2 Qd7 19.Qd2 Rfd8 20.a4 b4 21.Nd5 Bxd5 22.Qxd5 Ne7
23.Qb3 Qb7 24.Rf1 Rf8 25.Rad1 Rad8 26.Bf3 g6 27.Rd2 Kg7 28.Rfd1 Qb6 29.a5 Qc5
30.Rd3 f5 31.c3 fxe4 32.Bxe4 Qxa5 33.Qxb4 Qxb4 34.cxb4 Rf6 35.Bb7 Rb8 36.Bxa6 Rxb4
37.Rxd6 Nf5 38.Rxf6 Kxf6 39.Re1 Rxb2 40.Bd3 Rd2 41.Bxf5 Kxf5 42.h3 Ke4 43.Rf1 Kxe3
44.Rf7 e4 45.Rxh7 Ke2 46.Re7 e3 47.h4 Kd3 48.g4 Rd1+ 49.Kg2 e2  0-1

[Event "15th ETC"]
[Site "Gothenburg SWE"]
[Date "2005.08.02"]
[Round "4"]
[White "Andersson,U"]
[Black "Georgiev,Ki"]
[Result "1/2-1/2"]
[WhiteElo "2584"]
[BlackElo "2666"]

1.Nf3 Nf6 2.c4 e6 3.d4 d5 4.Nc3 dxc4 5.e3 a6 6.Bxc4 c5 7.dxc5 Qxd1+ 8.Kxd1 Bxc5
9.Ke2 b5 10.Bd3 Bb7 11.Bd2 Nbd7 12.Rhb1 Bd6 13.b4 O-O 14.a4 bxa4 15.Nxa4 Rfb8
16.Rc1 Bxb4 17.Bxb4 Bxf3+ 18.gxf3 Rxb4 19.Nc5 Nxc5 20.Rxc5 Rh4 21.Rxa6 Rf8
22.Bc4 Rxh2 23.Rc7 g6 24.Raa7 Ne8 25.Rd7 Rh5 26.f4 Rc5 27.Bxe6 fxe6 28.Rxh7 Rc8
29.Rhe7 Rc6 30.Kf3 Rb6 31.Kg4 Nf6+ 32.Kg5 Rb1 33.Rxe6 Rg1+ 34.Kh4 Rf7 35.Ree7 Rxe7
36.Rxe7 Rg4+ 37.Kh3 Rg1 38.Kh2 Rb1 39.Kg3 Kf8 40.Re5 Kf7 41.Kf3 Rb3 42.Rg5 Nh7
43.Ra5 Nf6 44.Ra7+ Kf8 45.Ra6 Kg7 46.Ra7+ Kf8 47.Ra6 Ke7 48.Ra7+ Nd7 49.Kg4 Rb1
50.Kf3 Ke6 51.Ra6+ Kf7 52.Ra7 Ke7 53.Ra6 Rg1 54.Ra7 Rd1 55.Ra6 Kf7 56.Ke2 Rd5
57.Kf3 Rd2 58.Ra7 Ke6 59.Ra6+ Kf7 60.Ra7 Kf6 61.Ra6+ Kg7 62.Ra7 Kh6 63.Rc7 Rd6
64.Rc1 Nf6 65.Rc2 Re6 66.Rc4 Ra6 67.Rd4 Kg7 68.Rc4 Ra7 69.Rc5 Kf7 70.Rc2 Nd5
71.Rc5 Ne7 72.Rb5 Nf5 73.Rb6 Kg7 74.Rb1 Ra2 75.Rb7+ Kh6 76.Rd7 Ra6 77.Rd1 Nd6
78.Rh1+ Kg7 79.Rc1 Kf6 80.Rc2 Ke6 81.Rc5 Ra2 82.Rc1 Rd2 83.Rg1 Kf5 84.Rg5+ Kf6
85.Rg1 Rc2 86.Rd1  1/2-1/2

[Event "15th ETC"]
[Site "Gothenburg SWE"]
[Date "2005.08.04"]
[Round "6"]
[White "Andersson,U"]
[Black "Kempinski,R"]
[Result "0-1"]
[WhiteElo "2584"]
[BlackElo "2619"]

1.Nf3 Nf6 2.c4 g6 3.g3 Bg7 4.Bg2 d5 5.cxd5 Nxd5 6.O-O O-O 7.Nc3 Nc6 8.d4 Nb6
9.d5 Na5 10.Nd4 c6 11.Nb3 Nxd5 12.Nxd5 cxd5 13.Bxd5 Bh3 14.Re1 Rc8 15.Bxf7+ Kxf7
16.Qxd8 Rfxd8 17.Nxa5 Rc2 18.Nxb7 Rd7 19.Na5 Rxe2 20.Bf4 Rxb2 21.Nc4 Rc2
22.Ne5+ Bxe5 23.Rxe5 Rxa2 24.Ree1 Rxa1 25.Rxa1 Rd3 26.Bc7 h5 27.Ba5 e5 28.Be1 Kf6
29.f4 e4 30.Kf2 Rf3+ 31.Ke2 Bf1+ 32.Kd1 a6 33.Ra4 Kf5 34.Rd4 Ra3  0-1

[Event "15th ETC"]
[Site "Gothenburg SWE"]
[Date "2005.08.05"]
[Round "7"]
[White "Gustafsson,J"]
[Black "Andersson,U"]
[Result "1/2-1/2"]
[WhiteElo "2614"]
[BlackElo "2584"]

1.d4 Nf6 2.c4 e6 3.Nf3 Bb4+ 4.Bd2 c5 5.Bxb4 cxb4 6.a3 bxa3 7.Rxa3 O-O 8.g3 Nc6
9.Bg2 d5 10.cxd5 exd5 11.O-O Re8 12.Nc3  1/2-1/2

[Event "NK Rapid"]
[Site "Vlaardingen NED"]
[Date "2005.10.01"]
[Round "1"]
[White "Ooms,A"]
[Black "Andersson,U"]
[Result "0-1"]
[WhiteElo "2186"]
[BlackElo "2565"]

1.d4 Nf6 2.Nf3 e6 3.g3 b5 4.Bg2 Bb7 5.O-O h6 6.Re1 c5 7.a3 cxd4 8.Nxd4 Bxg2
9.Kxg2 Qb6 10.Qd3 a6 11.Qf3 Nc6 12.Nxc6 Qxc6  0-1

[Event "NK Rapid"]
[Site "Vlaardingen NED"]
[Date "2005.10.01"]
[Round "2"]
[White "Andersson,U"]
[Black "Peng Zhaoqin"]
[Result "1/2-1/2"]
[WhiteElo "2565"]
[BlackElo "2402"]

1.d4 Nf6 2.c4 e6 3.Nf3 b6 4.g3 Ba6 5.Qa4 Bb7 6.Bg2 c5 7.O-O cxd4 8.Nxd4 Bxg2
9.Kxg2 Qc8 10.Rd1 Bc5 11.Nc3 Bxd4 12.Rxd4 Qc6+ 13.Qxc6 Nxc6 14.Rd1 Ke7 15.Bf4 Ne8
16.Rd2 f6 17.Rad1 Rd8 18.Nb5 e5 19.Be3 d6 20.b3 Ke6 21.f3 h5 22.h4 g6 23.Bf2 Rh7
24.e4 Rb7 25.Nc3 f5 26.Be3 Rf7 27.Nd5 Rdd7 28.Nc3 Nf6 29.Bg5 fxe4 30.Nxe4 Nxe4
31.fxe4 Nd8 32.Bxd8 Rxd8 33.Rd3 Rf6 34.R1d2 Ke7 35.Rf2 Rdf8 36.Rxf6 Rxf6
37.Rf3 a5 38.Rxf6 Kxf6 39.Kf3 Ke6 40.Ke3 Kd7 41.Kd3 Kc6 42.Kc3 Kc5 43.a3 Kc6
44.b4 Kc7 45.Kb3 Kb7 46.Kb2 Kc7 47.Kc3 Kc6 48.Kc2 Kc7 49.Kb2 Kc6 50.Kb3 Kb7  1/2-1/2

[Event "NK Rapid"]
[Site "Vlaardingen NED"]
[Date "2005.10.01"]
[Round "4"]
[White "Andersson,U"]
[Black "Gutman,L"]
[Result "1/2-1/2"]
[WhiteElo "2565"]
[BlackElo "2455"]

1.d4 Nf6 2.c4 g6 3.Nc3 Bg7 4.e4 O-O 5.Nf3 c6 6.h3 d5 7.cxd5 cxd5 8.e5 Ne4
9.Bd3 Nxc3 10.bxc3 Nc6 11.O-O Na5 12.a4 Bd7 13.Ba3 Rc8 14.Bb4 Nc4 15.a5 Re8
16.Re1 e6 17.Nh2 h5 18.Nf3 Bh6  1/2-1/2

[Event "NK Rapid"]
[Site "Vlaardingen NED"]
[Date "2005.10.01"]
[Round "5"]
[White "Van Haastert,E"]
[Black "Andersson,U"]
[Result "0-1"]
[WhiteElo "2398"]
[BlackElo "2565"]

1.e4 c5 2.Nf3 e6 3.d4 cxd4 4.Nxd4 Nc6 5.Nb5 d6 6.c4 Nf6 7.N5c3 Be7 8.Be2 O-O
9.O-O b6 10.f4 Bb7 11.Bf3 a6 12.Qe2 Nd4 13.Qf2 Nxf3+ 14.Qxf3 Qc7 15.Qe2 Rac8
16.b3 d5 17.cxd5 exd5 18.e5 d4 19.Na4 Ne4 20.Ba3 d3 21.Qe3 b5 22.Bxe7 Qxe7
23.Nb2 Rfd8 24.Rd1 Rc2 25.Nxd3 Nc5  0-1

[Event "NK Rapid"]
[Site "Vlaardingen NED"]
[Date "2005.10.01"]
[Round "6"]
[White "Andersson,U"]
[Black "Van Wely,L"]
[Result "1/2-1/2"]
[WhiteElo "2565"]
[BlackElo "2648"]

1.Nf3 Nf6 2.c4 e6 3.d4 d5 4.g3 dxc4 5.Qa4+ Nbd7 6.Bg2 a6 7.Nc3 Rb8 8.Qxc4 b5
9.Qd3 Bb7 10.O-O c5 11.dxc5 Bxc5 12.Bf4 Rc8 13.Rad1 Qb6 14.Ne5 Nxe5 15.Bxe5 Bxg2
16.Kxg2 O-O 17.Bxf6 gxf6 18.Ne4 Be7 19.g4 Kg7 20.Rc1 Rfd8 21.Qf3 Qd4 22.b3 h5
23.h3 h4 24.e3 Qe5 25.Rxc8 Rxc8 26.Rd1 Rc7 27.Rd4 a5 28.Qd1 Bc5 29.Nxc5 Qxc5
30.Rd8 Qc6+ 31.Qf3 Kg6 32.a4 bxa4  1/2-1/2

[Event "NK Rapid"]
[Site "Vlaardingen NED"]
[Date "2005.10.01"]
[Round "7"]
[White "Carlier,B"]
[Black "Andersson,U"]
[Result "1/2-1/2"]
[WhiteElo "2464"]
[BlackElo "2565"]

1.Nf3 Nf6 2.g3 g6 3.Bg2 Bg7 4.d4 d5 5.O-O O-O 6.Ne5 c6 7.c4 Ng4 8.Nxg4 Bxg4
9.cxd5 cxd5 10.Nc3 Nc6 11.h3 Bd7 12.Be3 e6 13.Qd2 Rc8 14.Rac1 Qe7 15.Rfd1 Rfe8
16.h4 h5 17.Bf3 b6  1/2-1/2

[Event "NK Rapid"]
[Site "Vlaardingen NED"]
[Date "2005.10.01"]
[Round "8"]
[White "Michiels,B"]
[Black "Andersson,U"]
[Result "1-0"]
[WhiteElo "2442"]
[BlackElo "2565"]

1.e4 e6 2.d4 d5 3.Nc3 Nf6 4.Bg5 dxe4 5.Nxe4 Be7 6.Bxf6 gxf6 7.Nf3 b6 8.Bd3 Bb7
9.Qe2 c6 10.O-O Nd7 11.c4 O-O 12.Rfe1 Re8 13.Rac1 Nf8 14.c5 Ng6 15.Qe3 f5
16.Ned2 Qc7 17.g3 bxc5 18.dxc5 Rad8 19.b4 Bc8 20.Nc4 Ba6 21.Nd6 Bxd6 22.cxd6 Qb7
23.Bxa6 Qxa6 24.Red1 Rd7 25.Qc5 Qxa2 26.Nd4 Qa6 27.Nxc6 Qb6 28.Qxb6 axb6
29.Ra1 e5 30.Ra6 b5 31.Rb6 f4 32.Rxb5 e4 33.Rb8 Kf8 34.b5 f6 35.Rxe8+ Kxe8
36.Nb8  1-0

[Event "NK Rapid"]
[Site "Vlaardingen NED"]
[Date "2005.10.01"]
[Round "9"]
[White "Andersson,U"]
[Black "Cekro,E"]
[Result "1/2-1/2"]
[WhiteElo "2565"]
[BlackElo "2410"]

1.d4 Nf6 2.c4 b6 3.Nf3 Bb7 4.Nc3 e6 5.a3 Be7 6.Bg5 O-O 7.e3 d6 8.Be2 Nbd7
9.O-O a6 10.Qc2 c5 11.dxc5 bxc5 12.Rfd1 Qc7 13.Rd2 Rfd8 14.Rad1 Nf8 15.Bh4 Ng6
16.Bg3 e5 17.Nh4 Rab8 18.Bf3 Bc8 19.Nxg6 hxg6 20.Bh4 Bf5 21.Qc1 Rb3 22.Bxf6 Bxf6
23.Nd5 Qb8 24.Re1 e4 25.Nxf6+ gxf6 26.Bd1 Rb6 27.b3 Qc7 28.Bc2 Qe7 29.Qa1 Rdb8
30.Qc3 Be6 31.Rb1 Bc8 32.Bd1 Kg7 33.Rdb2 Qe5 34.Qxe5  1/2-1/2

[Event "II Open"]
[Site "Calvia ESP"]
[Date "2005.10.21"]
[Round "1"]
[White "Vilar Lopez,M"]
[Black "Andersson,U"]
[Result "0-1"]
[WhiteElo "2180"]
[BlackElo "2565"]

1.e4 c5 2.Nc3 e6 3.g3 Nc6 4.Bg2 g6 5.d3 Bg7 6.Be3 d6 7.Qd2 Qa5 8.Nge2 Nd4
9.O-O Ne7 10.f4 O-O 11.Rae1 Bd7 12.Nc1 Rae8 13.Nb3 Qc7 14.Qf2 e5 15.Kh1 f5
16.Nd5 Nxd5 17.exd5 Nxb3 18.axb3 exf4 19.Bxf4 Bxb2 20.Bh6 Bg7 21.Bxg7 Kxg7
22.Qf4 Rxe1 23.Rxe1 Re8 24.Re3 Qa5 25.h4 Rxe3 26.Qxe3 Qa1+ 27.Kh2 Qe5 28.Qg5 Qf6
29.Qf4 a5 30.c4 h6 31.Kh1 b6 32.Kh2 g5 33.hxg5 hxg5 34.Qe3 f4 35.Qe4 Bf5
36.Qe8 fxg3+ 37.Kxg3 Bxd3  0-1

[Event "II Open"]
[Site "Calvia ESP"]
[Date "2005.10.22"]
[Round "2"]
[White "Andersson,U"]
[Black "Leskovar,Mar"]
[Result "1-0"]
[WhiteElo "2565"]
[BlackElo "2372"]

1.Nf3 g6 2.d4 Bg7 3.g3 d6 4.Bg2 Nd7 5.O-O e5 6.e4 Ne7 7.Nc3 O-O 8.dxe5 dxe5
9.Be3 h6 10.Qd2 Kh7 11.Rad1 Nc6 12.Qe2 f5 13.exf5 gxf5 14.Rfe1 Rf7 15.Nh4 Qf8
16.f4 e4 17.g4 Bxc3 18.bxc3 Nf6 19.g5 Rg7 20.gxf6 Qxf6 21.Bf2 Be6 22.Kh1 Re8
23.Bh3 e3 24.Bg3 Qf7 25.Qd3 Bxa2 26.Bxf5+  1-0

[Event "II Open"]
[Site "Calvia ESP"]
[Date "2005.10.22"]
[Round "3"]
[White "Strikovic,A"]
[Black "Andersson,U"]
[Result "1/2-1/2"]
[WhiteElo "2492"]
[BlackElo "2565"]

1.e4 c5 2.c3 e6 3.d4 d5 4.exd5 exd5 5.Nf3 Nc6 6.Bb5 Bd6 7.O-O Ne7 8.dxc5 Bxc5
9.Nbd2 O-O 10.Nb3 Bd6 11.Bd3 h6 12.Nbd4 Bg4  1/2-1/2

[Event "II Open"]
[Site "Calvia ESP"]
[Date "2005.10.23"]
[Round "4"]
[White "Andersson,U"]
[Black "Vera,R"]
[Result "1/2-1/2"]
[WhiteElo "2565"]
[BlackElo "2481"]

1.Nf3 Nf6 2.c4 e6 3.d4 d5 4.Nc3 dxc4 5.e3 c5 6.Bxc4 a6 7.O-O b5 8.Be2 Bb7
9.dxc5 Bxc5 10.Qxd8+ Kxd8 11.b3 Nbd7 12.Bb2  1/2-1/2

[Event "II Open"]
[Site "Calvia ESP"]
[Date "2005.10.24"]
[Round "5"]
[White "Teran Alvarez,I"]
[Black "Andersson,U"]
[Result "1/2-1/2"]
[WhiteElo "2428"]
[BlackElo "2565"]

1.e4 e6 2.d4 d5 3.Nc3 Nf6 4.Bg5 dxe4 5.Nxe4 Be7 6.Bxf6 gxf6 7.Nf3 b6 8.Bd3 Bb7
9.Qe2 Nd7 10.O-O O-O 11.c4 f5 12.Ng3 Bd6 13.Rad1 Qf6 14.Rfe1 Rad8 15.Bc2 Kh8  1/2-1/2

[Event "II Open"]
[Site "Calvia ESP"]
[Date "2005.10.25"]
[Round "6"]
[White "Andersson,U"]
[Black "Kovacevic,Sl"]
[Result "1-0"]
[WhiteElo "2565"]
[BlackElo "2339"]

1.Nf3 c5 2.c4 Nf6 3.g3 b6 4.Bg2 Bb7 5.O-O e6 6.Nc3 a6 7.b3 d6 8.Bb2 Be7 9.e3 Nbd7
10.Qe2 O-O 11.Rfd1 Qc7 12.Rac1 Rac8 13.d4 cxd4 14.Nxd4 Bxg2 15.Kxg2 Qb7+
16.Qf3 Qc7 17.Kg1 Rfe8 18.Ne4 Nxe4 19.Qxe4 Nf6 20.Qf3 Red8 21.Rd2 Rd7 22.Rdc2 Qb7
23.Qxb7 Rxb7 24.Kf1 Rbc7 25.Ke2 Kf8 26.h3 d5 27.cxd5 Rxc2+ 28.Rxc2 Rxc2+
29.Nxc2 Nxd5 30.a4 Bf6 31.Bc1 Ke8 32.e4 Ne7 33.Be3 Nc8 34.Nb4 a5 35.Nc2 Be7
36.Bd4 f6 37.Kd3 Kd7 38.Be3 Bd8 39.f4 Bc7 40.g4 g6 41.Nd4 e5 42.fxe5 Bxe5
43.Kc4 Bc7 44.g5 Bd8 45.gxf6 Bxf6 46.Nf3 Bd8 47.Bf4 Bf6 48.e5 Bd8 49.Nd4 Bh4
50.e6+ Ke8 51.Nf3 Bf2 52.Ng5 h5 53.Ne4 Bg1 54.Bg5 Kf8 55.Kd5 Ke8 56.Nf6+ Kf8
57.Nd7+ Ke8 58.Ne5 Ne7+ 59.Bxe7 Kxe7 60.Nxg6+ Kf6 61.Nf4 h4 62.Kd6 Bc5+ 63.Kd7 Kf5
64.Ng2 Ke4 65.Nxh4 Kd3 66.Nf5 Kc3 67.Nd6  1-0

[Event "II Open"]
[Site "Calvia ESP"]
[Date "2005.10.27"]
[Round "8"]
[White "Andersson,U"]
[Black "Papp,Ga"]
[Result "1/2-1/2"]
[WhiteElo "2565"]
[BlackElo "2474"]

1.Nf3 Nf6 2.c4 e6 3.d4 b6 4.g3 Ba6 5.Qa4 Bb7 6.Bg2 c5 7.dxc5 Bxc5 8.O-O O-O
9.Nc3 Be7 10.Rd1 Na6 11.Bf4 Qc8 12.Rac1 Nc5 13.Qc2 Nce4 14.Nxe4 Bxe4 15.Qb3 Qb7
16.Ne1 Bxg2 17.Nxg2 Rac8 18.Bd6 Bxd6 19.Rxd6 Rc6 20.Rxc6 Qxc6  1/2-1/2

[Event "Master Open"]
[Site "Zurich SUI"]
[Date "2005.12.26"]
[Round "1"]
[White "Springer,P"]
[Black "Andersson,U"]
[Result "0-1"]
[WhiteElo "2174"]
[BlackElo "2565"]

1.e4 c5 2.Nf3 Nc6 3.d4 cxd4 4.Nxd4 Nf6 5.Nc3 e5 6.Ndb5 h6 7.Nd6+ Bxd6 8.Qxd6 Qe7
9.Qxe7+ Kxe7 10.Bc4 d6 11.O-O Nb4 12.Bd3 Be6 13.f4 Rac8 14.Bd2 a6 15.Rf3 exf4
16.Bxf4 Nc6 17.h3 Ne5 18.Re3 Rc5 19.Rd1 Rhc8 20.Be2 b5 21.a3 g5 22.Bh2 Nfd7
23.Rf1 Nb6 24.Bxe5 Rxe5 25.Ref3 d5 26.Bd3 Rxc3 27.bxc3 dxe4 28.Re3 f5 29.Ree1 Kd6
30.Be2 Rc5 31.Rd1+ Nd5 32.c4 bxc4 33.Rb1 Nc3 34.Rb6+ Rc6 35.Rxc6+ Kxc6 36.Bh5 Kd5
37.Bg6 f4 38.h4 e3 39.hxg5 hxg5 40.Bh5 Kd4 41.Re1 Bf5  0-1

[Event "Master Open"]
[Site "Zurich SUI"]
[Date "2005.12.27"]
[Round "2"]
[White "Andersson,U"]
[Black "Drechsler,C"]
[Result "1-0"]
[WhiteElo "2565"]
[BlackElo "2172"]

1.Nf3 g6 2.d4 Bg7 3.c4 d6 4.Nc3 e5 5.g3 Nc6 6.dxe5 Nxe5 7.Nxe5 Bxe5 8.Bg2 Ne7
9.O-O O-O 10.Bh6 Re8 11.Rc1 c6 12.b3 Be6 13.Qd2 Nf5 14.Bf4 Qe7 15.Rcd1 Rad8
16.Qc1 Rd7 17.Rd3 Red8 18.Rfd1 Bxf4 19.Qxf4 Ng7 20.h3 Ne8 21.Qe3 Bf5 22.Qxe7 Rxe7
23.R3d2 Red7 24.g4 Be6 25.f4 f5 26.Bf3 Nf6 27.g5 Ne8 28.Kf2 Nc7 29.h4 Bf7
30.e4 Ne6 31.exf5 gxf5 32.Ne2 Ng7 33.Ng3 d5 34.cxd5 Bxd5 35.Bxd5+ cxd5 36.Ke3 Kf7
37.h5 Ke6 38.h6 Ne8 39.Kf3 Nc7 40.Re1+ Kf7 41.Re5 Re7 42.Rxe7+ Kxe7 43.Nxf5+ Kf8
44.Nd4  1-0

[Event "Master Open"]
[Site "Zurich SUI"]
[Date "2005.12.28"]
[Round "4"]
[White "Andersson,U"]
[Black "Eisenbeiser,A"]
[Result "1-0"]
[WhiteElo "2565"]
[BlackElo "2362"]

1.Nf3 g6 2.d4 Bg7 3.c4 Nf6 4.g3 O-O 5.Bg2 d6 6.O-O Nbd7 7.Nc3 e5 8.e4 exd4
9.Nxd4 Ne5 10.b3 Nfd7 11.f4 Nc6 12.Be3 Re8 13.Bf2 Nf8 14.Qd2 Bd7 15.h3 a5
16.Ndb5 a4 17.Rad1 axb3 18.axb3 Na5 19.Qc2 Qb8 20.Kh2 Bxb5 21.cxb5 c6 22.Rb1 Ne6
23.Rfd1 Rc8 24.Qd3 Nc5 25.Bxc5 dxc5 26.e5 Rd8 27.Qc2 Qc7 28.Ne4 cxb5 29.Qxc5 Qxc5
30.Nxc5 Rxd1 31.Rxd1 Bf8 32.Nxb7 Nxb3 33.Bd5 Ra7 34.Nd8 Nc5 35.Nxf7 Rxf7
36.Rb1 Kg7 37.Bxf7 Kxf7 38.Rxb5 Ne6 39.Kg2 Be7 40.Ra5 h5 41.Kf3 h4 42.g4 g5
43.f5 Nf4 44.Ra7 Ke8 45.f6 Bc5 46.Rb7  1-0

[Event "Master Open"]
[Site "Zurich SUI"]
[Date "2005.12.30"]
[Round "7"]
[White "Klauser,M"]
[Black "Andersson,U"]
[Result "1/2-1/2"]
[WhiteElo "2403"]
[BlackElo "2565"]

1.d4 Nf6 2.c4 e6 3.Nf3 Bb4+ 4.Bd2 Bxd2+ 5.Qxd2 O-O 6.g3 d5 7.Bg2 Nbd7 8.O-O c6
9.Qc2 b6 10.Nbd2 Bb7 11.e4 dxe4 12.Nxe4 c5 13.Nxf6+ Nxf6 14.Rad1 Qc7 15.b3 Rad8
16.Qc3  1/2-1/2

[Event "10th Open"]
[Site "Bad Zwesten GER"]
[Date "2006.01.02"]
[Round "1"]
[White "Hagenauer,J"]
[Black "Andersson,U"]
[Result "0-1"]
[WhiteElo "1982"]
[BlackElo "2565"]

1.e4 c5 2.Nf3 d6 3.d4 cxd4 4.Nxd4 Nf6 5.Nc3 a6 6.Be2 e5 7.Nb3 Be7 8.Be3 Be6
9.O-O Nbd7 10.h3 O-O 11.f4 exf4 12.Bxf4 Ne5 13.Bxe5 dxe5 14.Qxd8 Rfxd8 15.Rad1 Bb4
16.Bf3 Bxc3 17.bxc3 b6 18.Rfe1 Kf8 19.Kf2 Rxd1 20.Rxd1 Rc8 21.Rd3 Ke7 22.Ke1 Rc4
23.Kd2 Nxe4+ 24.Bxe4 Rxe4 25.Nc1 Ra4 26.Re3 f6 27.Nd3 a5 28.Nb2 Rxa2 29.Nd3 Ra1
30.Nc1 Bc4 31.h4 a4 32.g3 a3 33.Re1 Rb1 34.Re4 b5  0-1

[Event "10th Open"]
[Site "Bad Zwesten GER"]
[Date "2006.01.03"]
[Round "3"]
[White "Kersten,U"]
[Black "Andersson,U"]
[Result "1/2-1/2"]
[WhiteElo "2323"]
[BlackElo "2565"]

1.e4 e6 2.d4 d5 3.Nd2 c5 4.exd5 Qxd5 5.Ngf3 cxd4 6.Bc4 Qd6 7.Qe2 Nf6 8.Nb3 Nc6
9.Bg5 Qb4+ 10.Bd2 Qb6 11.O-O-O Bd7 12.Bf4 Bc5 13.Ne5 O-O 14.Kb1 Rfd8 15.Bd3 a5
16.Nc4 Qa7 17.Nxc5 Qxc5 18.Bd6 Qa7 19.Ne5 Be8 20.Nxc6 bxc6 21.Be5 Qe7 22.g4 c5
23.g5 Nd7  1/2-1/2